000 01093cam a22003374a 4500
001 1833
003 FISKH
005 20240108091117.0
008 020509s2003 nyua b b 001 0 eng
010 _a 2002007208
020 _a9780516244532
040 _aDLC
_cDLC
_dDLC
_beng
042 _apcc
_alcac
050 0 0 _aTS1105.5
_b.S68 2003
082 0 0 _a676
_221
100 1 _aSnyder, Inez.
245 1 0 _aTrees to paper /
_cby Inez Snyder.
260 _aNew York :
_bScholastic,
_c2003.
300 _a24 pages :
_bcolor illustrations ;
_c16 x 19 cm.
490 1 _aWelcome Books
505 _aF
520 _aSimple words and photographs show the steps involved in making paper.
521 8 _a340
_bLexile
521 8 _aF
_bRaz-Plus
650 0 _aPapermaking
_vJuvenile literature.
650 1 _aPapermaking.
800 1 _aSnyder, Inez.
_tHow things are made.
906 _a7
_bcbc
_corignew
_d1
_eecip
_f20
_gy-gencatlg
942 _2ddc
_cBK
_n0
999 _c1833
_d1833